01494nam a2200217 a 4500008004100000020001500041041000800056092001700064100003600081245006000117250001100177260003300188300001100221500009400232505062900326590006500955655002101020942001301041999001501054952020701069190917e2001 ag |||g |||| 001 0 spa d a9879009223 aspa c808l30sGON1 aGonzáles, Edwin CeDir.940223 aTe cuento.bSelección de cuentos /cEdwin C. Gonzales a1a ed. aBuenos Aires:bUrano;c2001. a186 p. aGonzáles, E. (2001). Te cuento. Selección de cuentos. (1a ed.). Buenos Aires : Urano. aEl lenguaje narrativo es un valioso instrumento, del cual se vale la literatura para suscitar ese diálogo íntimo que, siempre se establece entre el numen del escritor y el espíritu del lector. Esta presente antología Te Cuento surgida del I Certamen Internacional Jorge Luis Borges, nos descubrirá las pócimas mágicas de la prosa convertida en cuentos, donde el talento narrativo de los autores seleccionados nos hará ingresar en el apasionante universo del arte literario. El cuento argentina ha encontrado en estos jóvenes escritores, verdaderos artistas, que llevarán en elato su glorioso estandarte.  aProyecto 4to libro, Donación Navarro Adriana, febrero 2019 aLiteratura92917 2ddccLIT c2868d2868 00102ddc4070aBFMbBFMcCRd2019-03-01eDonación Adriana Navarro, febrero 2019l0o808 30 GONp4392r2019-03-01tEj. 1w2019-03-01yLITzProyecto 4to libro. Donación Adriana Navarro, febrero 2019